Introduction to fire safety management/ (Record no. 7925)
[ view plain ]
| 000 -LEADER | |
|---|---|
| fixed length control field | 00627nac a22001931u 4500 |
| 020 ## - INTERNATIONAL STANDARD BOOK NUMBER | |
| International Standard Book Number | 9780750680684 |
| 082 ## - DEWEY DECIMAL CLASSIFICATION NUMBER | |
| Classification number | 628.922 |
| Item number | FUR |
| 090 ## - LOCALLY ASSIGNED LC-TYPE CALL NUMBER (OCLC); LOCAL CALL NUMBER (OCLC) | |
| -- | 7925 |
| -- | 7925 |
| 100 ## - MAIN ENTRY--PERSONAL NAME | |
| Personal name | Furness, Andrew |
| 245 ## - TITLE STATEMENT | |
| Title | Introduction to fire safety management/ |
| Statement of responsibility, etc | Andrew Furness and Martin Muckett |
| 260 ## - PUBLICATION, DISTRIBUTION, ETC. (IMPRINT) | |
| Place of publication, distribution, etc | Amsterdam: |
| Name of publisher, distributor, etc | Elsevier,2007 |
| Date of publication, distribution, etc | 2007 |
| 300 ## - PHYSICAL DESCRIPTION | |
| Extent | 419p.: |
| Other physical details | col. ill.; |
| Dimensions | 28 cm. |
| 500 ## - GENERAL NOTE | |
| General note | distributer: Al-Ahram |
| 500 ## - GENERAL NOTE | |
| General note | Includes index |
| 511 ## - PARTICIPANT OR PERFORMER NOTE | |
| Participant or performer note | catalogued by: wessam |
| 650 ## - SUBJECT ADDED ENTRY--TOPICAL TERM | |
| Topical term or geographic name as entry element | Fire prevention |
| General subdivision | Handbooks, manuals, etc. |
| 700 ## - ADDED ENTRY--PERSONAL NAME | |
| Personal name | Muckett Martin |
| 942 ## - ADDED ENTRY ELEMENTS (KOHA) | |
| Item type | Book - Borrowing |
| Call number prefix | 628.922 FUR |
| Withdrawn status | Item status | Damaged status | Not for loan | Home library | Current library | Shelving location | Date acquired | Source of acquisition | Total Checkouts | Total Renewals | Full call number | Barcode | Date last seen | Date last borrowed | Koha item type |
|---|---|---|---|---|---|---|---|---|---|---|---|---|---|---|---|
| Central Library | Central Library | First floor | 08/02/2013 | Purchase | 2 | 3 | 628.922 FUR | 000009525 | 15/07/2025 | 07/10/2013 | Book - Borrowing |